• 首页
  • 本馆介绍
  • 公告通知
  • 最新文献
  • 馆藏检索
  • 电子资源
  • 读者导购
  • 参考咨询
  • 我的图书馆
  • 登录
  • 详细信息显示
  • 放入我的书架
  • 预约/预借图书
  • 作者相关作品
  • 分类相关作品
  • 丛书相关作品
  • 出版社相关作品

书目信息

  • 表格格式
  • 工作单格式
  • 卡片格式
题名:
超越预警
    
 
作者: 杨先明 著
分册:  
出版信息: 北京   人民出版社  2013
页数: 11,16,699页
开本: 24cm
丛书名:
单 册:
中图分类: F127.7 , F127.4
科图分类:
主题词: 不发达地区--区域经济发展--研究--西南地区 , 不发达地区--社会发展--研究--西北地区 , 不发达地区--社会稳定--研究--西南地区 , 不发达地区--社会稳定--研究--西北地区 , 不发达地区 , 区域经济发展 , 社会稳定
电子资源:
ISBN: 978-7-01-011118-6
000 01550nam0 2200349 450
001 524
005 20140908162708.37
010    @a978-7-01-011118-6@dCNY88.00
100    @a20131122d2013 em y0chiy50 ea
101 0  @achi@deng
102    @aCN@b110000
105    @ay z 000yy
106    @ar
200 1  @a超越预警@AChao Yue Yu Jing@e中国西部欠发达地区的发展与稳定@EZhong Guo Xi Bu Qian Fa Da Di Qu De Fa Zhan Yu Wen Ding@dTranscend early warning@ethe development and stablization of less-developed areas in westem China@f杨先明等著@FYang Xian Ming Deng Zhu@zeng
210    @a北京@c人民出版社@d2013
215    @a11,16,699页@d24cm
304    @a著者还有:吕昭河、黄宁、梁双陆等
330    @a本书以西部五省区为分析对象,从不发达地区的发展失衡的现状入手,分析失衡产生的历史和现实因素,地区失衡预警体系的构建与功能,提出通过协调发展实现社会稳定的思路和对策。
510 1  @aTranscend early warning@ethe development and stablization of less-developed areas in westem China@zeng
517 1  @a中国西部欠发达地区的发展与稳定@AZhong Guo Xi Bu Qian Fa Da Di Qu De Fa Zhan Yu Wen Ding
606 0  @a不发达地区@x区域经济发展@x研究@y西南地区
606 0  @a不发达地区@x社会发展@x研究@y西北地区
606 0  @a不发达地区@x社会稳定@x研究@y西南地区
606 0  @a不发达地区@x社会稳定@x研究@y西北地区
606 0  @a不发达地区
606 0  @a区域经济发展
606 0  @a社会稳定
690    @aF127.7@v5
690    @aF127.4@v5
701  0 @a杨先明@AYang Xian Ming@f(1953~)@4著
801  0 @aCN@bTANGWEI@c20140603
905    @b0837802-04@dF127.7@e236@f3
    
    超越预警:中国西部欠发达地区的发展与稳定=Transcend early warning:the development and stablization of less-developed areas in westem China/杨先明等著.-北京:人民出版社,2013
    11,16,699页;24cm
    
    
    ISBN 978-7-01-011118-6:CNY88.00
    本书以西部五省区为分析对象,从不发达地区的发展失衡的现状入手,分析失衡产生的历史和现实因素,地区失衡预警体系的构建与功能,提出通过协调发展实现社会稳定的思路和对策。
●
相关链接 在E读中查询图书 在五车中查询图书 在当当中查询图书 在豆瓣中查询图书


正题名:超越预警     索取号:F127.7/236         预约/预借

序号 登录号 条形码 馆藏地/架位号 状态 备注
1 0837802   208378021   第一样本阅览室/ [索取号:F127.7/236] 在馆    
2 0837803   208378030   密集书库-海洋学院/ [索取号:F127.7/236] 在馆    
3 0837804   208378049   第一借阅区/ [索取号:F127.7/236] 在馆    
唐山师范学院图书馆 欢迎您!
大连网信软件有限公司© 版权所有